000 00610nam a2200181 4500
001 144777
003 ES-MaACL
005 20250828004907.0
007 t|
008 070214s1948 sp r ||||1| spa d
100 1 _aSimarro Puig, Alejandro.
_9106465
245 1 3 _aLa vocación profesional, clave de la Pedagogía
_b: estudio psicopedagógico para el logro de la moral juvenil /
_cAlejandro Simarro Puig.
260 _aMadrid :
_bSociedad Editora Ibérica,
_c1948.
300 _a252 p. ;
_c22 cm.
650 0 7 _aPedagogía
_2embne
_915904
852 _aES-MaACL
_jC-5006
_bR.25397
999 _c144777
_d144777